|
|
|
|
| LEADER |
00000csc a2200000 a 4500 |
| 001 |
63751b |
| 005 |
20230308210329.0 |
| 008 |
990110|1984 ||||||||r|||||||||||spa|| |
| 020 |
|
|
|a 8432994243
|
| 040 |
|
|
|b spa
|
| 041 |
1 |
|
|a spa
|
| 082 |
0 |
|
|a 371.9
|
| 100 |
1 |
|
|a Complo, Jannita Marie
|9 83852
|
| 245 |
|
|
|a Actividades creativas en la educación especial: motricidad y lenguaje
|c Jannita Marie Complo. Director Jaime Sarramona
|h imp
|
| 264 |
|
|
|a Barcelona
|b Ediciones CEAC
|c 1984
|
| 300 |
|
|
|a 100 páginas:
|c 21 cm
|
| 490 |
|
|
|a Colección Educación y Enseñanza
|p Serie Educación Especial
|
| 500 |
|
|
|a PDF, contiene índice y estructura del texto
|
| 520 |
3 |
|
|a Este libro, destinado a profesores sin experiencia en educación especial, propone diversos métodos y actividades para la enseñanza básica de la expresión corporal, alentando a los niños en este sentido: primero a través del lenguaje, estimulándoles a verbalizar en improvisaciones creativas. Dentro de cada capítulo, el,contenido básico se presenta primero mediante unas cuantas actividades sencillas y luego se practica en situaciones cada vez más complejas, siendo suficientes, en general. quince minutos diarios para dirigir tres o cuatro ejercicios. Cuantas más actividades se ofrezcan a los niños especiales, mayores oportunidades tendrán estos de desarrollar su autoconocimiento.
|
| 650 |
|
|
|a Educacion especial
|9 8402
|
| 650 |
|
|
|a Actividades creativas
|9 288640
|
| 650 |
|
|
|a Creatividad
|9 27873
|
| 650 |
|
|
|a Dramatizacion
|9 39576
|
| 852 |
|
|
|a UC-CDJBV
|c ESTANTERIA CERRADA
|f Compra
|k margarita.gutierrez
|l 1
|m General
|p 19901108
|q 15558,00
|r 2
|t 63751b
|b 0
|d CDRC
|e CDRC
|g 371.9 ESTANTERIA CERRADA
|u http://nas.ucuenca.edu.ec/BibliotecaDigital/ebooks/librosyrev/63751b.pdf
|z 1990-01-10
|
| 856 |
|
|
|u http://nas.ucuenca.edu.ec/BibliotecaDigital/ebooks/librosyrev/63751b.pdf
|
| 942 |
|
|
|
| 999 |
|
|
|c 114854
|d 114854
|